000 02328ncm0a2200409 4500
001 RU\NLR\ONIZ\216922
005 20260406080648.0
013 _a979-0-706373-50-8
021 _aRU
_b11-37н
_911-4н
035 _a(NLR Aleph) 011414438
071 2 0 _a15636
090 _a11575866
_c11575866
100 _a20170331d2010 |||y0rusy50 ca
101 0 _arus
102 _aRU
125 _aax
145 0 _ab
200 1 _aНетрудные транскрипции для фортепиано
_bНоты
_fФ. Лист
_gсост. К. Сорокин
210 _aМосква
_cМузыка
_d2010
215 _a80 с.
_d29 см
327 1 _a1. [Хоральная] прелюдия : [BWV 12] / И. С. Бах. 2-3. Лакримоза : из Реквиема ; Мелодия : "Ave verum corpus" : [KV 618] / В. А. Моцарт. 4. Миньона / Л. ван Бетховен. 5. Соловей / А. Алябьев. 6. Альпийская пастушка / Дж. Россини. 7-8. Серенада ; Венгерский марш / Ф. Шуберт. 9. Желание / Ф. Шопен. 10-11. Это он ; Лишь тот, кто сам страдал / Р. Шуман. 12-14. Детская песня ; Каприччио ; Аллегро / Ф. Давид. 15-16. Романс Вольфрама ; Хор пилигримов : из оперы "Тангейзер". 17. Тайное шептание / К. Шуман
606 1 _aТранскрипции для фортепиано
_yВенгрия
_z19 в.
_jНоты
_2nlr_sh
686 _aЩ954.2-09я44(4Вн)
_vLBC/SL
_2rubbk
686 _aЩ954.2-052я44(4Вн)
_vLBC/SL
_2rubbk
700 1 _4230
_7ca
_8rus
_aЛист
_bФ.
_f1811-1886
_gФеренц
_926019
_3RU\NLR\AUTH\7743076
702 1 _9z02790
_aСорокин
_bК. С.
_f1909-1998
_gКонстантин Степанович
_4220
790 1 _4230
_7ba
_8hun
_aLiszt
_bF.
_f1811-1886
_gFerenc
_9210699
_3RU\NLR\AUTH\770210755
790 1 _9z02702
_aSorokin
_bK. S.
_f1909-1998
_gKonstantin Stepanovich
_4220
801 0 _aRU
_bNLR
_c20170331
_gPSBO
801 1 _aRU
_bNLR
_c20170331
_2rusmarc
801 2 _aRU
_bNLR
_c20190630
852 _aNLR
_bМ
_jК-3/27068
_pМОЭ 2011-4н/37н
_t1
852 _aNLR
_bМ
_jК-3/27068а
_pМОЭ 2011-4н/37на
_t2
942 _cSCORE
980 _aNB
980 _aONIZ